A Quest for reforms of the electoral disputes resolution system in Kenya / (Record no. 15496)
[ view plain ]
| 000 -LEADER | |
|---|---|
| fixed length control field | 00494nam a22001692 4500 |
| 001 - CONTROL NUMBER | |
| control field | 0000024654 |
| 005 - DATE AND TIME OF LATEST TRANSACTION | |
| control field | 20151217161644.0 |
| 008 - FIXED-LENGTH DATA ELEMENTS--GENERAL INFORMATION | |
| fixed length control field | 140123s xx 000 0 eng d |
| 040 ## - CATALOGING SOURCE | |
| Original cataloging agency | KABU |
| Transcribing agency | KABU |
| 100 1# - MAIN ENTRY--PERSONAL NAME | |
| Personal name | Muyala, Michael I. W. |
| -- | 0000185036 |
| 245 12 - TITLE STATEMENT | |
| Title | A Quest for reforms of the electoral disputes resolution system in Kenya / |
| Statement of responsibility, etc. | Michael I. W. Muyala. |
| 260 ## - PUBLICATION, DISTRIBUTION, ETC. (IMPRINT) | |
| Date of publication, distribution, etc. | 2013. |
| 300 ## - PHYSICAL DESCRIPTION | |
| Extent | p. ; |
| Dimensions | cm. |
| 908 ## - PUT COMMAND PARAMETER (RLIN) | |
| Put command parameter | 140123 |
| 950 ## - LOCAL HOLDINGS (RLIN) | |
| -- | 1 |
| Withdrawn status | Lost status | Source of classification or shelving scheme | Not for loan | Home library | Current library | Date acquired | Total Checkouts | Full call number | Barcode | Date last seen | Date last checked out | Price effective from | Koha item type |
|---|---|---|---|---|---|---|---|---|---|---|---|---|---|
| Library of Congress Classification | Kabarak, Main Campus | Kabarak, Main Campus | 17/12/2015 | 2 | Law | PRO22 | 16/07/2016 | 16/07/2016 | 17/12/2015 | Thesis, Dissertation and Projecs |